| 000 | 00611cam a2200253 4500 | ||
|---|---|---|---|
| 001 | J84902 | ||
| 008 | 090401t1997 xxu||||| |||| 00| 0 eng d | ||
| 035 | _a(Sirsi) u79315 | ||
| 041 | _aeng | ||
| 050 | _a333.33709421 | ||
| 110 |
_aGrimley _92421 |
||
| 245 | _aCentral London office commentary. - Summer 1997 | ||
| 260 |
_aLondon _bGrimley _c1997 |
||
| 300 | _a1 pt. ; 30cm. | ||
| 350 | _a0 | ||
| 650 | _aCITY OF LONDON | ||
| 650 | _aOFFICES | ||
| 650 | _aRENT | ||
| 650 | _aWEST END OF LONDON | ||
| 650 | _aYIELDS | ||
| 690 | _aPROPERTY-COMMERCIAL PROPERTY | ||
| 942 | _n0 | ||
| 948 | _c30/06/1997 | ||
| 999 |
_c96521 _d96521 |
||